| 000 | 01504nam a2200217Ia 4500 | ||
|---|---|---|---|
| 003 | Ost | ||
| 005 | 20260507075720.0 | ||
| 008 | 260507s9999||||xx |||||||||||||| ||und|| | ||
| 020 | _a9789931748540 | ||
| 040 | _cfsecg | ||
| 041 | _aara | ||
| 082 | _a657 | ||
| 100 |
_aبراهمي، فوزية _eمؤلف |
||
| 245 | 0 |
_aتنظيم مهنة المحاسبة في الجزائر / _c فوزية براهمي |
|
| 260 |
_aالجزائر: _bدار الباحث للنشر والاشهار, _c2021 |
||
| 300 |
_a97 صفحة؛ _bإيضاحات ؛ _c24 سم |
||
| 520 | _aيحتوي هذا الكتاب على فصلين متتاليين، حيث تطرق الكاتب في الفصل الأول للاطار النظري والتنظيمي لمهنة المحاسبة، عموميات حول المحاسبة مع مبادئ وقواعد السلوك وأخلاقيات مهنة المحاسبةوتنظيمها، وبعدهل ذكر لنا في الفصل الثاني تنظيم مهنة المحاسبة في الجزائر مع التطور التاريخي لتشريعاتها،كذلك التطور التاريخي لمهنة المحاسبة، واتجاهاتها في الجزائر في ظل الاصلاحات المحاسبية، ودوافع الاصلاح المحاسبي، وكذلك الهيئات المشرفة على تنظيم مهنة المحاسبةفي الجوائر. | ||
| 653 | _aالمحاسبة | ||
| 700 |
_aحديدي، آدم _eمؤلف ثانوي |
||
| 942 | _cكتاب | ||
| 999 |
_c45938 _d45938 |
||